The power of personality in war / (Record no. 184705)
[ view plain ]
| 000 -LEADER | |
|---|---|
| fixed length control field | 00991 a2200181 4500 |
| 003 - CONTROL NUMBER IDENTIFIER | |
| control field | Nust |
| 005 - DATE AND TIME OF LATEST TRANSACTION | |
| control field | 20221227085437.0 |
| 040 ## - CATALOGING SOURCE | |
| Transcribing agency | Nust |
| 082 ## - DEWEY DECIMAL CLASSIFICATION NUMBER | |
| Classification number | 355,BAR |
| 100 ## - MAIN ENTRY--PERSONAL NAME | |
| Personal name | Major General Baron |
| 9 (RLIN) | 105982 |
| 245 ## - TITLE STATEMENT | |
| Title | The power of personality in war / |
| Statement of responsibility, etc. | Major General Baron , Von Freytag-Loringhoven |
| 260 ## - PUBLICATION, DISTRIBUTION, ETC. | |
| Place of publication, distribution, etc. | Army Education Press |
| Name of publisher, distributor, etc. | The military service |
| Date of publication, distribution, etc. | 1955 |
| 300 ## - PHYSICAL DESCRIPTION | |
| Extent | vii, 129 p |
| Other physical details | illus |
| Dimensions | 19 cm |
| 505 ## - FORMATTED CONTENTS NOTE | |
| Formatted contents note | War is the Doman of Danger (Page-1), War is the Doman of Physical Exertion and Suffering (Page-31), War is the Doman of Friction (Page-44), War is the Doman Uncertainty (Page-54), The Commander Must Have Imagination (Page-84), Ambition is One of The Essential Qualities of a Leader (Page-91), Only a Strong Mind Can Resist the Impressions of War (Page-100),Without Strength of Character (Page-112), The Essence of Military Leadership (Page-124). |
| 600 ## - SUBJECT ADDED ENTRY--PERSONAL NAME | |
| Personal name | Major General Baron |
| 9 (RLIN) | 105982 |
| 650 ## - SUBJECT ADDED ENTRY--TOPICAL TERM | |
| Topical term or geographic name entry element | The power of personality in war |
| 9 (RLIN) | 105983 |
| 942 ## - ADDED ENTRY ELEMENTS (KOHA) | |
| Source of classification or shelving scheme | |
| Koha item type | Book |
| Call number prefix | 355,BAR |
| Withdrawn status | Lost status | Source of classification or shelving scheme | Damaged status | Not for loan | Permanent Location | Current Location | Shelving location | Date acquired | Full call number | Barcode | Date last seen | Price effective from | Koha item type | Public note |
|---|---|---|---|---|---|---|---|---|---|---|---|---|---|---|
| Military College of Signals (MCS) | Military College of Signals (MCS) | General Stacks | 12/12/2016 | 355,BAR | MCS26455 | 12/08/2016 | 12/12/2016 | Book | Almirah No.51, Shelf No.1 |
